| 000 | 00519nam a2200193Ia 4500 | ||
|---|---|---|---|
| 005 | 20140402110422.0 | ||
| 008 | 140130s9999 xx 000 0 und d | ||
| 020 | _a0590453165 | ||
| 050 |
_aF 12 _b.H521 1976 |
||
| 100 |
_aHenry, Marguerite _931388 |
||
| 245 |
_cMarguerite Henry. _aKing of the wind : _bthe story of the Godolphin Arabian / |
||
| 260 |
_bScholastic, _c1976. _aUSA : |
||
| 300 |
_a192 p. : _bill. ; _c19 cm. |
||
| 440 | _v1 | ||
| 521 | _aG6 | ||
| 526 | _c830 | ||
| 942 |
_cBK _2lcc |
||
| 999 |
_c41200 _d41200 |
||